00322nam a2200133Ia 4500008004100000082001400041100001400055245003100069250000800100260002800108300001200136500002400148650001600172230524s9999 xx 000 0 und d a6.13bLAT aB.P.Lathi 0aLinear Systems and Signals a2ND aNEW DELHIbOxfordc2005 aXII;963 aQuantity Number: 2 aElectronics